|
|
|
|
| LEADER |
00906nam a2200217 a 4500 |
| 001 |
13216 |
| 008 |
130711s1996 nju b 001 0 eng d |
| 010 |
|
|
|a 95018235
|
| 020 |
|
|
|a 0805817484 (paper : alk. paper)
|
| 040 |
|
|
|a DLC
|c DLC
|d DLC
|d BD-DhAAL
|
| 082 |
0 |
0 |
|a 658.3
|2 20
|
| 100 |
1 |
|
|a Clardy, Alan B.
|
| 245 |
1 |
0 |
|a Managing human resources :
|b exercises, experiments, and applications workbook /
|c Alan B. Clardy.
|
| 260 |
|
|
|a Mahwah N.J. :
|b Lawrence Erlbaum Associates,
|c c1996.
|
| 300 |
|
|
|a xi, 168 p. :
|c 25 cm.
|
| 504 |
|
|
|a Includes bibliographical references (p. 157-162) and indexes.
|
| 541 |
|
|
|e 13216
|
| 650 |
|
0 |
|a Personnel management
|x Problems, exercises, etc.
|
| 852 |
1 |
|
|a Ayesha Abed Library
|j General shelf.
|
| 999 |
|
|
|c 13673
|d 13673
|
| 952 |
|
|
|0 0
|1 0
|2 ddc
|4 1
|6 658_300000000000000_CLA
|7 0
|9 22905
|a BRACUL
|b BRACUL
|c SPS
|d 2013-07-11
|g 155.00
|l 1
|o 658.3 CLA
|p 3010013216
|r 2015-09-01
|s 2015-08-16
|t 1
|w 2013-07-11
|y BK
|